000 00392nam a2200157Ia 4500
005 20240807062326.0
008 240806s9999||||xx |||||||||||||| ||eng||
041 _aeng
082 _a891.4309
_bSHAB
100 _aRajeshwari Shandilya
245 0 _aBhasha sahitya avam sanskriti /
_cRajeshwari Shandilya
260 _bAlka Prakashan Kanpur
300 _a0
650 _aHindi
942 _cBK
999 _c15540
_d15540